Wirtschaftsdeutsch 1

Saved in:
Bibliographic Details
Main Author: Lišková, Danuša
Corporate Author: Ekonomická univerzita v Bratislave. Fakulta aplikovaných jazykov
Other Authors: Pospíšilová, Jana, 1950-, Ondrčková, Eva, Štefančík, Radoslav, 1976-
Format: Book
Language:German
Published: Bratislava Vydavateľstvo EKONÓM 2014
Edition:1. vyd.
Subjects:
Tags: Add Tag
No Tags, Be the first to tag this record!

MARC

LEADER 00000nam a2200000 4500
001 0200146
005 20240502073403.7
020 |a 978-80-225-4067-4 
041 0 |a ger 
044 |a SK 
245 1 0 |a Wirtschaftsdeutsch 1  |c Danuša Lišková, Jana Pospíšilová ; recenzenti: Eva Ondrčková, Radoslav Štefančík 
250 |a 1. vyd. 
264 1 |a Bratislava  |b Vydavateľstvo EKONÓM  |c 2014 
300 |a 156 s. [9,98 AH] 
610 2 0 |a ekonómia 
610 2 0 |a hospodárstvo národné 
610 2 0 |a práca 
610 2 0 |a konjunktúra 
100 1 |a Lišková, Danuša 
700 1 |a Pospíšilová, Jana, 1950- 
700 1 |a Ondrčková, Eva 
700 1 |a Štefančík, Radoslav, 1976- 
710 2 |a Ekonomická univerzita v Bratislave. Fakulta aplikovaných jazykov